Gower handbook of project management (Record no. 107983)
[ view plain ]
| 000 -LEADER | |
|---|---|
| fixed length control field | 01304cam a22002535a 4500 |
| 001 - CONTROL NUMBER | |
| control field | L142807 |
| 008 - FIXED-LENGTH DATA ELEMENTS--GENERAL INFORMATION | |
| fixed length control field | 080311s2008 xxkd f f 001 0 eng d |
| 020 ## - INTERNATIONAL STANDARD BOOK NUMBER | |
| International Standard Book Number | 9780566088063 |
| 035 ## - SYSTEM CONTROL NUMBER | |
| System control number | (Sirsi) u142807 |
| 041 0# - LANGUAGE CODE | |
| Language code of text/sound track or separate title | eng |
| 050 04 - LIBRARY OF CONGRESS CALL NUMBER | |
| Classification number | 658.404 $2 22 |
| 245 00 - TITLE STATEMENT | |
| Title | Gower handbook of project management |
| 250 ## - EDITION STATEMENT | |
| Edition statement | 4th ed. |
| 260 ## - PUBLICATION, DISTRIBUTION, ETC. | |
| Place of publication, distribution, etc. | Aldershot |
| Name of publisher, distributor, etc. | Gower |
| Date of publication, distribution, etc. | 2008 |
| 300 ## - PHYSICAL DESCRIPTION | |
| Extent | xl, 871 p. |
| Other physical details | ill. |
| Dimensions | 24cm. |
| 505 2# - FORMATTED CONTENTS NOTE | |
| Formatted contents note | Projects -- Performance -- Process -- People -- Index |
| 520 ## - SUMMARY, ETC. | |
| Summary, etc. | Intended as a handbook for project management practitioners. Provides an introduction to, and overview of, the essential knowledge and skills required for managing projects. Covers: the context of projects in organisations and their nature; how to manage the delivery of the project including, scope, quality, cost, time, resources, risk; the project management life-cycle and each stage of it; how to manage the people working on projects. Includes benefits management, requirements management, and project management maturity. The chapter on programme management has been divided to recognise the difference between programmes and portfolios. |
| 521 20 - TARGET AUDIENCE NOTE | |
| Target audience note | Advanced |
| 590 ## - LOCAL NOTE (RLIN) | |
| Local note | KA |
| 651 #4 - SUBJECT ADDED ENTRY--GEOGRAPHIC NAME | |
| Geographic name | International |
| 690 ## - LOCAL SUBJECT ADDED ENTRY--TOPICAL TERM (OCLC, RLIN) | |
| Topical term or geographic name as entry element | Project management |
| 9 (RLIN) | 6261 |
| 700 1# - ADDED ENTRY--PERSONAL NAME | |
| Personal name | Turner, Rodney J. |
| Relator term | Editor |
| 942 ## - ADDED ENTRY ELEMENTS (KOHA) | |
| Suppress in OPAC | 0 |
| Withdrawn status | Lost status | Source of classification or shelving scheme | Damaged status | Not for loan | Home library | Current library | Shelving location | Date acquired | Cost, normal purchase price | Total Checkouts | Full call number | Barcode | Date last seen | Date last checked out | Copy number | Cost, replacement price | Price effective from | Koha item type |
|---|---|---|---|---|---|---|---|---|---|---|---|---|---|---|---|---|---|---|
| Dewey Decimal Classification | London | London | Books | 10/07/2008 | 90.00 | 8 | 658.404 TUR | 30074897 | 06/08/2019 | 06/11/2009 | 1 | 90.00 | 06/08/2019 | Book |